छत्तीसगढ़ का राजनीतिक इतिहास: वैदिक काल से आधुनिक काल तक (Record no. 1227686)

MARC details
000 -LEADER
fixed length control field 00717nam a2200193Ia 4500
005 - DATE AND TIME OF LATEST TRANSACTION
control field 20241129110210.0
008 - FIXED-LENGTH DATA ELEMENTS--GENERAL INFORMATION
fixed length control field 241129s9999||||xx |||||||||||||| ||und||
037 ## - SOURCE OF ACQUISITION
Stock number TB
040 ## - CATALOGING SOURCE
Original cataloging agency ARTS
Language of cataloging hin
Transcribing agency ARTS
041 ## - LANGUAGE CODE
Language code of text/sound track or separate title hin
Source of code hin
084 ## - COLON CLASSIFICATION NUMBER
Classification number V27185.N<-A 152R1
Assigning agency ARTS
245 #0 - TITLE STATEMENT
Title छत्तीसगढ़ का राजनीतिक इतिहास: वैदिक काल से आधुनिक काल तक
260 ## - PUBLICATION, DISTRIBUTION, ETC.
Place of publication, distribution, etc. नई दिल्ली, भारत
Name of publisher, distributor, etc. हिन्दी साहित्य सदन
Date of publication, distribution, etc. 2022
300 ## - PHYSICAL DESCRIPTION
Extent 282पृ0
365 ## - TRADE PRICE
Price type code INR
Price amount 500
650 ## - SUBJECT ADDED ENTRY--TOPICAL TERM
Topical term or geographic name entry element History-Chattisgarah
9 (RLIN) 727456
942 ## - ADDED ENTRY ELEMENTS (KOHA)
Koha item type Textbook
Classification part V27185.N<-A 152R1
Holdings
Withdrawn status Lost status Damaged status Not for loan Home library Current library Date acquired Source of acquisition Cost, normal purchase price Inventory number Total Checkouts Full call number Barcode Date last seen Price effective from Koha item type
        Arts Library Arts Library 2024-11-29 Eastern Book Linkers 500.00 205 & 30/01/2024   V27185.N<-A 152R1 AL1803720 2024-11-29 2024-11-29 Textbook
Copyright @ Delhi University Library System